Lógica y conocimiento, científico (Registro nro. 6035)

Detalles MARC
000 -LEADER
fixed length control field 00894 a2200193 4500
001 - CONTROL NUMBER
control field 56771
005 - DATE AND TIME OF LATEST TRANSACTION
control field 20260407155831.0
008 - FIXED-LENGTH DATA ELEMENTS--GENERAL INFORMATION
fixed length control field 260407a1972 arg spa d
003 - CONTROL NUMBER IDENTIFIER
control field AR-UNSa-BCEJYS
040 ## - CATALOGING SOURCE
Original cataloging agency AR-UNSa-BCEJYS
Language of cataloging spa
Transcribing agency AR-UNSa-BCEJYS
080 ## - UNIVERSAL DECIMAL CLASSIFICATION NUMBER
Universal Decimal Classification number 165
Common auxiliary subdivision Teoría del conocimiento. Epistemología
100 1# - MAIN ENTRY--PERSONAL NAME
Personal name Piaget, Jean
245 10 - TITLE STATEMENT
Title Lógica y conocimiento, científico
264 #1 - PRODUCTION, PUBLICATION, DISTRIBUTION, MANUFACTURE, AND COPYRIGHT NOTICE
Place of production, publication, distribution, manufacture Buenos Aires :
Name of producer, publisher, distributor, manufacturer Proteo
Date of production, publication, distribution, manufacture, or copyright notice 1972
300 ## - PHYSICAL DESCRIPTION
Extent 218 p.
Dimensions 23 cm.
505 ## - FORMATTED CONTENTS NOTE
Formatted contents note 1. Epistemología de la psicología – 2.Epistemologia de la sociología – 3.Epistemologia Económica – 4.Epistemologia de la Lingüística – 5.Sobre la epistemología del azar en las ciencias sociales .Invariación de las leyes y verificación de las predicciones – 6. Los dos problemas principales de la epistemología de las ciencias del hombre.
590 ## - LOCAL NOTE (RLIN)
Local note niveau_biblio:m niveau_hierar:0
942 ## - ADDED ENTRY ELEMENTS (KOHA)
Koha item type
Existencias
Withdrawn status Lost status Damaged status Not for loan Home library Current library Shelving location Date acquired Total checkouts Full call number Barcode Date last seen Price effective from Koha item type
        Biblioteca Prof. Eusebio Cleto del Rey Biblioteca Prof. Eusebio Cleto del Rey   07/04/2026   165 P579 L13203 07/04/2026 07/04/2026 Libro